000 00601cam a22002293a 4500
001 9380
003 PGUSA
005 20140828083211.0
008 051101s2005||||xxu|||||s|||||000 | eng d
040 _aPGUSA
_beng
042 _adc
050 4 _aPN
245 1 2 _aA Nonsense Anthology
_h[electronic resource]
260 _bProject Gutenberg,
_c2005
506 _aPublic domain in the USA.
516 _aElectronic text
653 _aNonsense verses
700 1 _aWells, Carolyn,
_d1862-1942
830 0 _aProject Gutenberg
_v9380
856 4 0 _uhttp://www.gutenberg.org/ebooks/9380
942 _cEB
999 _c238636
_d238636